| 000 | 00431cam a2200181ua 4500 | ||
|---|---|---|---|
| 020 | _cRs 0.75 | ||
| 041 |
_amal _h |
||
| 082 |
_a894.8121 _bBHA/NJ |
||
| 100 | _aBhaskaran, P . | ||
| 245 |
_aNjattuvelappookkal / _cP Bhaskaran. _hTextual Documents |
||
| 250 |
_a1 / _b. |
||
| 260 |
_aThrissur : _bCurrent Books , _c1963. |
||
| 300 | _a28 ; . | ||
| 365 | _aRs 0.75 | ||
| 504 | _a | ||
| 942 | _cBK | ||
| 999 |
_c4034 _d4034 |
||